| 000 | 01077nam a22002537a 4500 | ||
|---|---|---|---|
| 003 | dpl | ||
| 005 | 20180809104528.0 | ||
| 008 | 180809b xxu||||| |||| 00| 0 eng d | ||
| 010 | _aB-196731 | ||
| 020 |
_c100.00 _a8170164087 |
||
| 035 | _aB-196731, B-196735 | ||
| 037 | _bCen Lib/Ret | ||
| 040 |
_aDPL _bHN _c0 |
||
| 082 |
_a827 _bचतुर्वेदी |
||
| 100 |
_aचतुर्वेदी, ज्ञान _942803 |
||
| 245 |
_aदंगे में मुर्गा : _cज्ञान चतुर्वेदी _bव्यंग्य-संग्रह / |
||
| 246 |
_aDange me murga : veyang-sangreh / _bby Gyan Chaturvedi |
||
| 260 |
_aनई दिल्ली _bकिताब घर _c2006 |
||
| 270 |
_a24/4855, अंसारी रोड, दरयागंज _bनई दिल्ली _e110002 |
||
| 300 |
_a140पृ. _c21सेमी (सजिल्द) |
||
| 650 |
_aव्यंग्य-संग्रह _9239 |
||
| 650 |
_aSquid-Collection _944858 |
||
| 942 |
_2ddc _cHN _h827 _mचतुर्वेदी |
||
| 999 |
_c111873 _d111873 |
||